书目信息 |
| 题名: |
开封史话
|
|
| 作者: | 单远慕 编 | |
| 分册: | ||
| 出版信息: | 北京 中华书局 1983 |
|
| 页数: | 68页 | |
| 开本: | 19cm | |
| 丛书名: | 中国历史小丛书 | |
| 单 册: | ||
| 中图分类: | K296.1 | |
| 科图分类: | ||
| 主题词: | 中国--地方史 , 中国--地方志 | |
| 电子资源: | ||
| ISBN: | ||
| 000 | 00689nam2 2200265 45 | |
| 001 | 0183004045 | |
| 005 | 20060725081958.67 | |
| 010 | @dCNY0.18 | |
| 091 | @a11018.1123 | |
| 100 | @a19950313d1983 em y0chiy0121 ea | |
| 101 | 0 | @achi |
| 102 | @aCN@b110000 | |
| 105 | @af z 000yy | |
| 200 | 10 | @a开封史话@Akai feng shi hua@f单远慕编 |
| 210 | @a北京@c中华书局@d1983 | |
| 215 | @a68页@c照片@d19cm | |
| 225 | 2 | @a中国历史小丛书 |
| 410 | 0 | @120010@a中国历史小丛书 |
| 606 | 0 | @a中国@x地方史 |
| 606 | 0 | @a中国@x地方志 |
| 690 | @aK296.1@v3 | |
| 701 | 0 | @a单远慕@Ashan yuan mu@4编 |
| 801 | 2 | @aCN@bNLC@c20060725 |
| 801 | 0 | @aCN@b上海图书馆@c20040302 |
| 905 | @dK296.1@e28@f1@b87840 | |
| 开封史话/单远慕编.-北京:中华书局,1983 |
| 68页:照片;19cm.-(中国历史小丛书) |
| ISBN :CNY0.18 |
| ● |
| 相关链接 |
|
|
|
|
正题名:开封史话
索取号:K296.1/28
 
预约/预借
| 序号 | 登录号 | 条形码 | 馆藏地/架位号 | 状态 | 备注 |
| 1 | 0087839 | 001887934 | 密集书库/ [索取号:K296.1/28] | 在馆 | |
| 2 | 0087840 | 000357250 | 第二借阅区/ [索取号:K296.1/28] | 在馆 | |
| 3 | 0087841 | 000357269 | 第二样本阅览室/ [索取号:K296.1/28] | 在馆 | |
| 4 | 0436033 | 204360333 | 密集书库/ [索取号:K296.1/28] | 在馆 | |
| 5 | 0436034 | 204360342 | 密集书库/ [索取号:K296.1/28] | 在馆 | |
| 6 | 0436035 | 204360351 | 密集书库/ [索取号:K296.1/28] | 在馆 |